000 00554nam a2200169 i 4500
001 bg
100 1 _aBIESZEK, Leon
245 0 _aZbiór zadań z matematyki wyższej dla studentów zawodowych studiów ekonomicznych dla pracujących :
_bzarys teorii, przykłady, zadania /
_cLeon Bieszek, Kazimierz Skurzyński, Jacek Zięba.
260 _aSzczecin,
_c1973.
700 1 _aSKURZYŃSKI, Kazimierz
700 1 _aZIĘBA, Jacek
040 _cBPK
041 _apol
080 _a51(075.8)(076)
942 _cKS
008 s pl f |000 0 pol
999 _c26498
_d26498
856 _uhttp://koha.tu.koszalin.pl/cgi-bin/koha/opac-detail.pl?biblionumber=26498
_yKatalog online BPK